00450nam a2200193 a 4500001001300000003000900013005001700022008004100039020001000080082001400090100001700104245002000121260002800141300000900169500003500178505001000213650001600223700001700239nice12345678IN_TiNIC20260116012155.0050524s1963 hyda grp 000 0 eng  ac10000a232bSIN1 aSingh, Bakht aSalt and Light. aHyderabadbHebronc1963 a137p aincludes index and biblioraphy2 aIndex aChristology1 aSingh, Bakht